Statistics for Geography Quizhanger #10

Click here to take the quiz!

General Stats

  • This quiz has been taken 178 times
  • The average score is 5 of 8

Answer Stats

ClueAnswer% Correct
Capital of Madagascar(A)ntananarivo
85%
Most northerly territory of Canada(N)unavut
77%
Currency of Afghanistan(A)fghani
69%
Largest city in the Ivory Coast(A)bidjan
66%
Country whose ‘capital’ is Yaren(N)auru
66%
Surname of the Australian Prime Minister(M)orrison
54%
Second largest city in Hungary(D)ebrecen
49%
ARCHIPELAGOAndaman
44%

Score Distribution

Percentile by Number Answered

Percent of People with Each Score

Your Score History

You have not taken this quiz